Consilium pietatis de non sequendis errantibus sed corrigentibus, juxta retractationes ... / (Record no. 153446)
[ view plain ]
| 000 -LEADER | |
|---|---|
| campo de control de longitud fija | 00916nam a22002415i 4500 |
| 001 - NÚMERO DE CONTROL | |
| campo de control | 153446 |
| 003 - IDENTIFICADOR DE NÚMERO DE CONTROL | |
| campo de control | ES-MaACL |
| 005 - FECHA Y HORA DE LA ÚLTIMA TRANSACCIÓN | |
| campo de control | 20230906205228.0 |
| 008 - DATOS DE LONGITUD FIJA--INFORMACIÓN GENERAL | |
| campo de control de longitud fija | 960320s1720 it a |||| | lat d |
| 040 ## - FUENTE DE CATALOGACIÓN | |
| Centro catalogador/agencia de origen | CYL |
| Lengua de catalogación | spa |
| Centro/agencia transcriptor | CYL |
| 100 1# - ENTRADA PRINCIPAL--NOMBRE DE PERSONA | |
| Nombre de persona | Desirant, Bernard |
| Títulos y otros términos asociados al nombre | (O.E.S.A.) |
| 9 (RLIN) | 222039 |
| 245 10 - MENCIÓN DEL TÍTULO | |
| Título | Consilium pietatis de non sequendis errantibus sed corrigentibus, juxta retractationes ... / |
| Mención de responsabilidad, etc. | per P.M.F. Bernardum Desirant Ord. Erem. S.P. Augustini ... ; tomus primus. |
| 260 ## - PUBLICACIÓN, DISTRIBUCIÓN, ETC. | |
| Lugar de publicación, distribución, etc. | Romae : |
| Nombre del editor, distribuidor, etc. | Jo. Mariam Salvioni ..., |
| Fecha de publicación, distribución, etc. | 1720. |
| 300 ## - DESCRIPCIÓN FÍSICA | |
| Extensión | XVI, 192 p. : |
| Otras características físicas | il. ; |
| Dimensiones | 4º. |
| 597 #1 - NOTA DE DESCRIPCIÓN FÍSICA | |
| NOTA DE DESCRIPCIÓN FÍSICA | Sign.: a-b\p\s4\s, A-Z\p\s4\s, 2A\p\s4\s. |
| 597 #1 - NOTA DE DESCRIPCIÓN FÍSICA | |
| NOTA DE DESCRIPCIÓN FÍSICA | Port. a dos tintas con grab. calc. |
| 597 #1 - NOTA DE DESCRIPCIÓN FÍSICA | |
| NOTA DE DESCRIPCIÓN FÍSICA | Il. y capitales calc. |
| 599 #1 - NOTA A LAS ILUSTRACIONES | |
| NOTA A LAS ILUSTRACIONES | Il. calc.: "Ant. Friz Scul." en B1. |
| 700 11 - ENTRADA AGREGADA--NOMBRE PERSONAL | |
| Nombre de persona | Salvioni, Giovanni Maria. |
| 9 (RLIN) | 132355 |
| 752 ## - ENTRADA AGREGADA--NOMBRE JERÁRQUICO DEL LUGAR | |
| País o entidad superior | Italia - |
| Ciudad | Roma |
| 852 ## - LOCALIZACIÓN | |
| Ubicación | ES-MaACL |
| Número de control de estantería | R-3367(1) |
| Nota libre | -- Enc. perg. |
| Estatus retirado | Estado de pérdida | Estado de daño | No para préstamo | Colección | Biblioteca de origen | Biblioteca actual | Ubicación en estantería | Fecha de adquisición | Fuente de adquisición | Total de préstamos | Signatura topográfica completa | Código de barras | Visto por última vez | Precio de reemplazo | Tipo de ítem Koha |
|---|---|---|---|---|---|---|---|---|---|---|---|---|---|---|---|
| Libros del s. XVIII | Biblioteca del Ateneo de Madrid | Biblioteca del Ateneo de Madrid | Depósito | 17/01/2008 | R-3367(1) | 1160370 | 23/02/2023 | 23/02/2023 | Libro impreso antiguo |
